[Event "XXVII. Rhein-Main-Open, Gruppe B"]
[Site "Bad Homburg vor der Höhe"]
[Date "2025.06.19"]
[Round "3.28"]
[White "Smid, Marcel"]
[Black "Xu, Dorothea Sicheng"]
[Result "1-0"]
[WhiteElo "1631"]
[BlackElo "1484"]
[PlyCount "95"]
[EventDate "2025.06.18"]
[BlackTeam "SK Bad Homburg 1927"]

1. d4 d5 2. Nf3 e6 3. e3 Nf6 4. Bd3 Bd6 5. Nbd2 Nbd7 6. O-O O-O 7. b3 c5 8. Bb2 Re8 9. Ne5 b6 10. f4 Bb7 11. Qf3 Qc7 12. Qh3 h6 13. Rf3 Ne4 14. Bxe4 dxe4 15. Rg3 Kh7 16. Nxf7 Nf8 17. Nxd6 Qxd6 18. dxc5 Qd7 19. Rxg7+ Qxg7 20. Bxg7 Kxg7 21. cxb6 axb6 22. Nc4 Ra6 23. Qg4+ Kh7 24. Nd6 Re7 25. f5 exf5 26. Nxf5 Bc8 27. Qf4 b5 28. Nxe7 Kg7 29. Nxc8 Rc6 30. Qe5+ Rf6 31. Rf1 Nh7 32. Rxf6 Nxf6 33. Qxb5 Kg6 34. a4 Nh7 35. a5 Nf8 36. Qe8+ Kg7 37. Qxe4 Nd7 38. Qe7+ Kg6 39. Qxd7 Kf6 40. a6 Ke5 41. a7 Ke4 42. a8=Q+ Kxe3 43. Qd3+ Kf4 44. Qae4+ Kg5 45. Qdd5+ Kf6 46. Qee6+ Kg7 47. Qdd7+ Kf8 48. Qee8# 1-0

[Event "XXVII. Rhein-Main-Open, Gruppe B"]
[Site "Bad Homburg vor der Höhe"]
[Date "2025.06.19"]
[Round "3.30"]
[White "Jacoby, Jermaine"]
[Black "Hofmann, Werner"]
[Result "0-1"]
[WhiteElo "1579"]
[BlackElo "1780"]
[PlyCount "120"]
[EventDate "2025.06.18"]
[WhiteTeam "SK Bad Homburg 1927"]
[BlackTeam "SV 1920 Kelsterbach"]

1. e4 d6 2. d4 Nf6 3. Nc3 Nbd7 4. Be3 e5 5. d5 Be7 6. f3 c6 7. Qd2 Qc7 8. Nge2 a6 9. g4 h6 10. Ng3 Nf8 11. Na4 c5 12. Nc3 b5 13. h4 Ng8 14. Nf5 Bxf5 15. gxf5 Qd8 16. Qh2 Qa5 17. Bd2 Qc7 18. f4 Nd7 19. Qg3 Rh7 20. fxe5 Nxe5 21. Bf4 Nf6 22. Bxe5 dxe5 23. Be2 b4 24. Na4 Nxe4 25. Qd3 Nf6 26. Bf3 Bd6 27. O-O-O Rh8 28. Rhg1 Kf8 29. Be4 Nh5 30. Qf3 Nf4 31. Qg4 f6 32. Rg3 Rg8 33. Rdg1 Ra7 34. b3 Qa5 35. Bd3 Qc7 36. Be4 Qb8 37. Nb2 a5 38. Na4 Qc7 39. Nb2 a4 40. Nxa4 c4 41. Qf3 cxb3 42. axb3 Bc5 43. d6 Qxd6 44. Rd1 Bd4 45. Bd3 Nd5 46. Bc4 Nc3 47. Rxd4 Qxd4 48. Nxc3 bxc3 49. Qxc3 Qxc3 50. Rxc3 Rh8 51. b4 Ke7 52. Bd3 Rd8 53. b5 Rb7 54. Rc6 Rd6 55. Be4 Rxc6 56. Bxc6 Rb6 57. c4 Rxc6 58. bxc6 Kd6 59. Kd2 Kxc6 60. Ke3 Kc5 0-1

[Event "XXVII. Rhein-Main-Open, Gruppe B"]
[Site "Bad Homburg vor der Höhe"]
[Date "2025.06.19"]
[Round "3.34"]
[White "Bensberg, Arno"]
[Black "Pfaff, Helmut"]
[Result "1-0"]
[WhiteElo "1742"]
[BlackElo "1512"]
[PlyCount "53"]
[EventDate "2025.06.18"]
[WhiteTeam "SC Hilchenbach"]
[BlackTeam "Vorw.Orient Mainz"]

1. d4 d5 2. c4 Nf6 3. Nf3 Nc6 4. e3 e6 5. g3 Be7 6. b3 Ne4 7. Bg2 Bb4+ 8. Bd2 Nxd2 9. Nbxd2 O-O 10. a3 Be7 11. O-O Bf6 12. Rb1 e5 13. dxe5 Bf5 14. exf6 Bxb1 15. fxg7 Kxg7 16. Nxb1 Ne7 17. Qd4+ f6 18. Rd1 c6 19. Nc3 Qb6 20. Qg4+ Kh8 21. Nd4 f5 22. Qg5 Qxb3 23. Nxb3 Ng6 24. cxd5 Ne5 25. dxc6 Nxc6 26. Bxc6 bxc6 27. Rd7 1-0

[Event "XXVII. Rhein-Main-Open, Gruppe B"]
[Site "Bad Homburg vor der Höhe"]
[Date "2025.06.19"]
[Round "3.36"]
[White "Derr, Georg"]
[Black "Barthel, Bergit"]
[Result "0-1"]
[WhiteElo "1586"]
[BlackElo "1918"]
[PlyCount "88"]
[EventDate "2025.06.18"]
[WhiteTeam "VSG 1880 Offenbach"]
[BlackTeam "SC Matt im Park Ffm"]

1. e4 Nf6 2. e5 Nd5 3. d4 d6 4. Nf3 c6 5. Bd3 Bg4 6. h3 Bxf3 7. Qxf3 dxe5 8. dxe5 e6 9. Be3 Nd7 10. Qg3 Nxe3 11. Qxe3 Qa5+ 12. Nc3 Qxe5 13. O-O-O Qxe3+ 14. fxe3 Bc5 15. Rhe1 Ke7 16. Ne4 f5 17. Nxc5 Nxc5 18. Bc4 b5 19. Bf1 Rad8 20. g4 Rxd1+ 21. Rxd1 Rd8 22. Rxd8 Kxd8 23. Kd2 fxg4 24. hxg4 Ne4+ 25. Ke2 Ng3+ 26. Kf2 Nxf1 27. Kxf1 Ke7 28. Kf2 Kf6 29. Kf3 Ke5 30. c3 h6 31. e4 g6 32. b3 h5 33. g5 h4 34. Kg4 Kxe4 35. Kxh4 Kf3 36. c4 bxc4 37. bxc4 e5 38. Kh3 e4 39. Kh2 Kf2 40. c5 e3 41. Kh1 e2 42. Kh2 e1=Q 43. Kh3 Qe5 44. Kh4 Qg3# 0-1

[Event "XXVII. Rhein-Main-Open, Gruppe B"]
[Site "Bad Homburg vor der Höhe"]
[Date "2025.06.19"]
[Round "3.37"]
[White "Ermel, Alek"]
[Black "Pishnograev, Ilya"]
[Result "1-0"]
[WhiteElo "1760"]
[BlackElo "1615"]
[PlyCount "39"]
[EventDate "2025.06.18"]
[BlackTeam "SK Bad Homburg 1927"]

1. e4 e5 2. Nf3 Nc6 3. Bc4 Bc5 4. c3 Qe7 5. O-O d6 6. d4 exd4 7. cxd4 Bb6 8. Nc3 Nf6 9. Bg5 O-O 10. Nd5 Qd8 11. e5 h6 12. Nxf6+ Kh8 13. Bh4 dxe5 14. Nd5 g5 15. Nxb6 gxh4 16. Nxa8 e4 17. Ne5 Nxe5 18. dxe5 Qg5 19. Qc1 Qg6 20. Qf4 1-0

[Event "XXVII. Rhein-Main-Open, Gruppe B"]
[Site "Bad Homburg vor der Höhe"]
[Date "2025.06.19"]
[Round "3.38"]
[White "Schmid, Herbert"]
[Black "Glavev, Victor"]
[Result "1-0"]
[WhiteElo "1796"]
[BlackElo "1443"]
[PlyCount "139"]
[EventDate "2025.06.18"]
[WhiteTeam "SK Wertheim"]
[BlackTeam "SK Bad Homburg 1927"]

1. d4 d5 2. Nf3 Nc6 3. g3 Nf6 4. Bg2 Bf5 5. O-O h6 6. Bf4 g5 7. Be5 Nxe5 8. Nxe5 e6 9. Nd2 Bd6 10. c4 Bxe5 11. dxe5 Nd7 12. cxd5 Nxe5 13. dxe6 fxe6 14. e4 Bg6 15. Qa4+ Nc6 16. Rad1 O-O 17. Nc4 Qf6 18. Qb5 e5 19. Qxb7 Nd4 20. Qd5+ Bf7 21. Qxe5 Nf3+ 22. Bxf3 Bxc4 23. Qxf6 Rxf6 24. Bg2 Bxf1 25. Bxf1 Raf8 26. Rd2 h5 27. h3 h4 28. g4 Re8 29. Bc4+ Kh8 30. Re2 Rf4 31. Bd5 Rf3 32. Kg2 Rf6 33. Rc2 Ref8 34. e5 Rf4 35. f3 Rd4 36. Bc6 Rfd8 37. Re2 Rd2 38. Kf2 Rxe2+ 39. Kxe2 Kg7 40. e6 Rd6 41. Bd7 Kf8 42. Ke3 a5 43. Ke4 Rd1 44. Kf5 Ke7 45. Kxg5 c5 46. f4 Rd2 47. f5 Rxb2 48. f6+ Kd6 49. Kg6 c4 50. Kf7 c3 51. e7 c2 52. e8=Q c1=Q 53. Qe7+ Kd5 54. Qe6+ Kd4 55. Qd6+ Ke4 56. Bc6+ Ke3 57. Qe5+ Kf2 58. Qd5 Kg3 59. Qf3+ Kh2 60. Kg7 Qg5+ 61. Kf7 Qc1 62. Qd5 Kxh3 63. g5 Kg4 64. g6 Rd2 65. Qf3+ Kg5 66. Qe3+ Kg4 67. Bf3+ Kf5 68. Qe4+ Kg5 69. Qg4+ Kh6 70. Qh5# 1-0

[Event "XXVII. Rhein-Main-Open, Gruppe B"]
[Site "Bad Homburg vor der Höhe"]
[Date "2025.06.19"]
[Round "3.39"]
[White "Peschk, Kathrin"]
[Black "Kaiser, Danny"]
[Result "0-1"]
[WhiteElo "1640"]
[BlackElo "1727"]
[PlyCount "54"]
[EventDate "2025.06.18"]
[WhiteTeam "SV 1946 Groß-Gerau"]
[BlackTeam "SC Bad Nauheim"]

1. e4 e5 2. Nf3 Nc6 3. Bc4 Bc5 4. c3 Nf6 5. d3 h6 6. h3 d6 7. b4 Bb6 8. a4 a5 9. b5 Ne7 10. Qb3 O-O 11. O-O Bd7 12. Ba3 c5 13. Nbd2 Ng6 14. Bb2 Nf4 15. Rfe1 Be6 16. d4 Bxc4 17. Qxc4 cxd4 18. cxd4 Rc8 19. Qb3 Ng6 20. Rac1 Qe7 21. Nc4 Bxd4 22. Nxd4 exd4 23. Bxd4 Nxe4 24. Qd3 d5 25. Nd2 Rxc1 26. Rxc1 Nf4 27. Qe3 Qg5 0-1

[Event "XXVII. Rhein-Main-Open, Gruppe B"]
[Site "Bad Homburg vor der Höhe"]
[Date "2025.06.20"]
[Round "4.1"]
[White "Graf, Michael"]
[Black "Kolker, Vladislav"]
[Result "0-1"]
[WhiteElo "1724"]
[BlackElo "1830"]
[PlyCount "100"]
[EventDate "2025.06.18"]
[WhiteTeam "Schachunion Schorndorf e.V."]
[BlackTeam "SC Bad Nauheim"]

1. b4 e5 2. a3 f5 3. Bb2 d6 4. e3 Nf6 5. c4 a5 6. b5 Be7 7. Nf3 O-O 8. d4 e4 9. Nfd2 c6 10. Nc3 d5 11. Qb3 Be6 12. a4 c5 13. Be2 cxd4 14. exd4 dxc4 15. Bxc4 Bxc4 16. Qxc4+ Kh8 17. O-O Nbd7 18. Rac1 Bb4 19. Rfd1 Nb6 20. Qb3 Rc8 21. Na2 Rxc1 22. Bxc1 Bd6 23. Bb2 Nbd5 24. Nc4 Bc7 25. Ne5 Qe7 26. Ba3 Bd6 27. Bxd6 Qxd6 28. Nc3 g6 29. Ne2 Kg7 30. Rc1 Re8 31. Rc5 Rxe5 32. dxe5 Qxc5 33. exf6+ Kxf6 34. Qb2+ Kf7 35. Qb3 Ke7 36. Qh3 h5 37. Qg3 Kf7 38. h4 Qc2 39. Nd4 Qd1+ 40. Kh2 Qxd4 41. Qd6 e3 42. Qd7+ Kg8 43. Qd8+ Kh7 44. Qd7+ Kh6 45. fxe3 Qxh4+ 46. Kg1 Qe1+ 47. Kh2 Nxe3 48. Qxb7 Ng4+ 49. Kh3 f4 50. Qf3 Qh1# 0-1

[Event "XXVII. Rhein-Main-Open, Gruppe B"]
[Site "Bad Homburg vor der Höhe"]
[Date "2025.06.20"]
[Round "4.2"]
[White "Ahrends, Norbert"]
[Black "Reinhardt, Anton"]
[Result "1-0"]
[WhiteElo "1964"]
[BlackElo "1824"]
[PlyCount "81"]
[EventDate "2025.06.18"]
[WhiteTeam "SK 1980 Gernsheim"]
[BlackTeam "Sabt Frankfurter TV 1860"]

1. d4 d5 2. c4 c6 3. Nc3 Nf6 4. Nf3 e6 5. Bg5 Nbd7 6. e3 Qa5 7. Nd2 Bb4 8. Qc2 c5 9. Nb3 Qb6 10. a3 Bxc3+ 11. bxc3 O-O 12. Bxf6 Nxf6 13. Nxc5 e5 14. cxd5 Nxd5 15. Bc4 exd4 16. cxd4 Qd8 17. O-O b6 18. Bxd5 Qxd5 19. Qe4 Bb7 20. Qxd5 Bxd5 21. Na4 Rac8 22. Rfc1 Bb3 23. Nc3 Rc4 24. Ne2 Rfc8 25. Rxc4 Rxc4 26. Rc1 a5 27. Rxc4 Bxc4 28. Kf1 b5 29. Ke1 f5 30. Nc3 b4 31. axb4 axb4 32. Na4 Bd5 33. g3 Bb3 34. Nc5 Bc2 35. Kd2 Bb1 36. Kc1 Ba2 37. Kb2 Bc4 38. Kc2 Kf7 39. Nd3 b3+ 40. Kc3 Bb5 41. Ne5+ 1-0

[Event "XXVII. Rhein-Main-Open, Gruppe B"]
[Site "Bad Homburg vor der Höhe"]
[Date "2025.06.20"]
[Round "4.3"]
[White "Schneider, Felix"]
[Black "Mühlpfordt, Werner"]
[Result "1/2-1/2"]
[WhiteElo "1700"]
[BlackElo "1958"]
[PlyCount "56"]
[EventDate "2025.06.18"]
[WhiteTeam "SK Bad Homburg 1927"]
[BlackTeam "SC 1997 Lambsheim"]

1. Nf3 c5 2. g3 Nc6 3. Bg2 g6 4. c4 Bg7 5. Nc3 d6 6. O-O e5 7. d3 Nge7 8. Nd2 O-O 9. a3 Kh8 10. Rb1 a5 11. Nb5 f5 12. b3 Be6 13. Bb2 Qd7 14. f4 d5 15. Nf3 d4 16. Ng5 Bg8 17. Qe1 Rae8 18. e4 exf4 19. Rxf4 h6 20. Rh4 fxe4 21. Nxe4 Nf5 22. Rg4 b6 23. Qd2 Ne5 24. Rf4 g5 25. Rxf5 Rxf5 26. Nbd6 Ref8 27. Nxf5 Rxf5 28. Qe2 g4 1/2-1/2

[Event "XXVII. Rhein-Main-Open, Gruppe B"]
[Site "Bad Homburg vor der Höhe"]
[Date "2025.06.20"]
[Round "4.4"]
[White "Bremer, Vincent"]
[Black "Jacobs, Thomas"]
[Result "1-0"]
[WhiteElo "1973"]
[BlackElo "1801"]
[PlyCount "65"]
[EventDate "2025.06.18"]
[WhiteTeam "TSG 1846 Bretzenheim/ZMO"]
[BlackTeam "SV 1929 Raunheim"]

1. e4 c5 2. d4 cxd4 3. c3 d3 4. Bxd3 Nc6 5. Nd2 Nf6 6. f4 d6 7. Ndf3 e5 8. Qb3 Be7 9. Ne2 O-O 10. O-O Qc7 11. Kh1 Be6 12. Qd1 d5 13. exd5 Nxd5 14. fxe5 Nxe5 15. Ng5 Bxg5 16. Bxg5 Ng4 17. Ng3 Nde3 18. Bxe3 Nxe3 19. Bxh7+ Kxh7 20. Qd3+ g6 21. Qxe3 b6 22. Ne4 Rh8 23. h3 Kg8 24. b3 Qb7 25. Rad1 Kg7 26. Qd4+ Kg8 27. Kg1 Bf5 28. Nf6+ Kf8 29. Qd6+ Qe7 30. Qd4 Qc5 31. Qxc5+ bxc5 32. Nd7+ Bxd7 33. Rxd7 1-0

[Event "XXVII. Rhein-Main-Open, Gruppe B"]
[Site "Bad Homburg vor der Höhe"]
[Date "2025.06.20"]
[Round "4.5"]
[White "Lochmann, Tobias"]
[Black "Klein, Simon"]
[Result "0-1"]
[WhiteElo "1452"]
[BlackElo "1587"]
[PlyCount "56"]
[EventDate "2025.06.18"]
[WhiteTeam "SV 1946 Groß-Gerau"]
[BlackTeam "SK Königsjäger Hungen"]

1. d4 d6 2. e3 Nd7 3. c4 Ngf6 4. Nc3 e5 5. Nf3 c6 6. Be2 e4 7. Nd2 d5 8. O-O Bd6 9. g3 Nf8 10. f3 Bh3 11. Re1 Qc7 12. fxe4 Bxg3 13. Nf1 Bxe1 14. Qxe1 dxe4 15. Qh4 Bxf1 16. Bxf1 Ng6 17. Qf2 h5 18. b3 Ng4 19. Qb2 Qe7 20. Qc2 f5 21. Bg2 Nh4 22. Bf1 Qg5 23. Qe2 Nxe3+ 24. Kf2 Qf4+ 25. Ke1 Nf3+ 26. Kf2 Nxd4+ 27. Ke1 Nxe2 28. Nxe2 Qxf1+ 0-1

[Event "XXVII. Rhein-Main-Open, Gruppe B"]
[Site "Bad Homburg vor der Höhe"]
[Date "2025.06.20"]
[Round "4.6"]
[White "Nahler, Michael"]
[Black "Francke, Helmut"]
[Result "0-1"]
[WhiteElo "1857"]
[BlackElo "1875"]
[PlyCount "72"]
[EventDate "2025.06.18"]
[WhiteTeam "SV Oberursel"]
[BlackTeam "SC Bad Nauheim"]

1. e4 c5 2. Nf3 d6 3. c3 Nf6 4. h3 Nbd7 5. Bd3 g6 6. Bc2 Bg7 7. d4 O-O 8. e5 Ne8 9. Bf4 dxe5 10. dxe5 Nc7 11. O-O Ne6 12. Bg3 Qc7 13. Qe2 b5 14. Nbd2 Rb8 15. Rfd1 a6 16. Qe3 Nb6 17. Be4 Bb7 18. Bxb7 Qxb7 19. Qe4 Rfd8 20. Qe2 Rd7 21. Ne4 Rbd8 22. Nfg5 Nxg5 23. Nxg5 h6 24. Nf3 e6 25. b3 Nd5 26. Rac1 Nxc3 27. Rxc3 Rxd1+ 28. Kh2 Qd5 29. Qc2 c4 30. bxc4 bxc4 31. Rxc4 Qb5 32. Bh4 g5 33. Bg3 Qb1 34. Qxb1 Rxb1 35. Nd4 Rd5 36. Nc6 Rdd1 0-1

[Event "XXVII. Rhein-Main-Open, Gruppe B"]
[Site "Bad Homburg vor der Höhe"]
[Date "2025.06.20"]
[Round "4.7"]
[White "Fernandez Egea, Andres"]
[Black "Friedel, Thomas"]
[Result "1-0"]
[WhiteElo "1849"]
[BlackElo "1721"]
[PlyCount "61"]
[EventDate "2025.06.18"]
[WhiteTeam "SF Frankfurt 1921"]
[BlackTeam "SV 1946 Groß-Gerau"]

1. e4 e5 2. Nf3 d6 3. d4 exd4 4. Nxd4 Nf6 5. Nc3 Be7 6. h3 O-O 7. Be3 c6 8. Qf3 Nbd7 9. O-O-O Nc5 10. Nf5 Bxf5 11. Bxc5 Bg6 12. e5 Nd7 13. Bxd6 Bxd6 14. Rxd6 Qc7 15. Qg3 Rfe8 16. f4 Nc5 17. Be2 Ne4 18. Nxe4 Bxe4 19. Rhd1 Bd5 20. c4 Rac8 21. Qc3 Bxg2 22. Rd7 Qb8 23. Qd3 b5 24. Qf5 Bd5 25. cxd5 cxd5+ 26. Kb1 Rf8 27. R1xd5 Qb6 28. R7d6 Qg1+ 29. Rd1 Qe3 30. Qxc8 Qxe2 31. Qc2 1-0

[Event "XXVII. Rhein-Main-Open, Gruppe B"]
[Site "Bad Homburg vor der Höhe"]
[Date "2025.06.20"]
[Round "4.8"]
[White "Lopez Fuertes, Victor"]
[Black "Meyer-Jany, Marcel"]
[Result "1/2-1/2"]
[WhiteElo "1749"]
[BlackElo "1810"]
[PlyCount "32"]
[EventDate "2025.06.18"]
[WhiteTeam "SC 1910 Höchst"]
[BlackTeam "SK Herborn 1946"]

1. e4 c6 2. d4 d5 3. e5 Bf5 4. Bd3 Bxd3 5. Qxd3 e6 6. Ne2 Qa5+ 7. c3 Qa6 8. Qf3 Ne7 9. O-O Nf5 10. Nd2 c5 11. Re1 Nc6 12. Nb3 cxd4 13. Nexd4 Nfxd4 14. Nxd4 Be7 15. Qg3 g6 16. Qf3 b5 1/2-1/2

[Event "XXVII. Rhein-Main-Open, Gruppe B"]
[Site "Bad Homburg vor der Höhe"]
[Date "2025.06.20"]
[Round "4.9"]
[White "Reimer, Otto"]
[Black "Beier, Claus Christian"]
[Result "1/2-1/2"]
[WhiteElo "1912"]
[BlackElo "1670"]
[PlyCount "48"]
[EventDate "2025.06.18"]
[WhiteTeam "SK Bad Homburg 1927"]
[BlackTeam "SK Bad Homburg 1927"]

1. e4 e6 2. d4 d5 3. e5 c5 4. c3 Nc6 5. Nf3 Bd7 6. a3 Qb6 7. Be2 c4 8. O-O Na5 9. Nbd2 Rc8 10. a4 Ne7 11. Qc2 Nf5 12. g4 Ne7 13. Kg2 Ng6 14. Kg3 h5 15. g5 Ne7 16. Nh4 g6 17. f4 Nf5+ 18. Nxf5 exf5 19. h4 Be7 20. Bf3 Be6 21. Qd1 Kf8 22. Qe1 Kg7 23. Qf2 a6 24. Qg2 Rhd8 1/2-1/2

[Event "XXVII. Rhein-Main-Open, Gruppe B"]
[Site "Bad Homburg vor der Höhe"]
[Date "2025.06.20"]
[Round "4.10"]
[White "Smid, Marcel"]
[Black "Tsiapouris, Michael"]
[Result "0-1"]
[WhiteElo "1631"]
[BlackElo "1882"]
[PlyCount "40"]
[EventDate "2025.06.18"]
[BlackTeam "SK Rochade Augsburg"]

1. d4 g6 2. Nf3 Bg7 3. e3 Nf6 4. Be2 O-O 5. O-O d6 6. b3 Nbd7 7. Bb2 Re8 8. c4 e5 9. dxe5 dxe5 10. Nxe5 Ne4 11. Nd3 Bxb2 12. Nxb2 Qg5 13. Bf3 Ndf6 14. Nd2 Rd8 15. Nxe4 Nxe4 16. h4 Qxh4 17. Qc2 Nd2 18. Be2 Nxf1 19. Bxf1 Bf5 20. Qe2 Qf6 0-1

[Event "XXVII. Rhein-Main-Open, Gruppe B"]
[Site "Bad Homburg vor der Höhe"]
[Date "2025.06.20"]
[Round "4.11"]
[White "Negru, Maximilian"]
[Black "Stiller, Harald"]
[Result "1-0"]
[WhiteElo "1694"]
[BlackElo "1640"]
[PlyCount "47"]
[EventDate "2025.06.18"]
[WhiteTeam "SK Bad Homburg 1927"]

1. e4 c5 2. b3 d6 3. Bb5+ Bd7 4. Qe2 a6 5. Bxd7+ Qxd7 6. f4 Nc6 7. Nf3 Qg4 8. d3 e6 9. Bb2 Be7 10. O-O Bf6 11. e5 dxe5 12. fxe5 Be7 13. Nbd2 Nh6 14. Ne4 Nf5 15. h3 Qg6 16. g4 h5 17. g5 O-O-O 18. h4 Rhf8 19. Rf2 f6 20. exf6 gxf6 21. Nxf6 Nfd4 22. Nxd4 cxd4 23. Qxe6+ Kc7 24. Nd5+ 1-0

[Event "XXVII. Rhein-Main-Open, Gruppe B"]
[Site "Bad Homburg vor der Höhe"]
[Date "2025.06.20"]
[Round "4.13"]
[White "Kesavan, Sarvesh"]
[Black "Mehlen, Theodor"]
[Result "1/2-1/2"]
[WhiteElo "1691"]
[BlackElo "1831"]
[PlyCount "43"]
[EventDate "2025.06.18"]
[WhiteTeam "SK Bad Homburg 1927"]
[BlackTeam "SC Matt im Park Ffm"]

1. e4 c5 2. c3 e6 3. d4 d5 4. exd5 exd5 5. Bd3 Nc6 6. Nf3 Nf6 7. O-O Be6 8. Bg5 h6 9. Bh4 cxd4 10. Nxd4 Nxd4 11. cxd4 Be7 12. Bb5+ Nd7 13. Bxd7+ Qxd7 14. Bxe7 Qxe7 15. Re1 O-O 16. Nc3 Qb4 17. Qd2 Rac8 18. Rad1 Qa5 19. h3 Rc6 20. Re5 Qd8 21. Rde1 Qd7 22. Qf4 1/2-1/2

[Event "XXVII. Rhein-Main-Open, Gruppe B"]
[Site "Bad Homburg vor der Höhe"]
[Date "2025.06.20"]
[Round "4.14"]
[White "Wesener, Joachim"]
[Black "Henn, Jochen"]
[Result "1-0"]
[WhiteElo "1753"]
[BlackElo "1723"]
[PlyCount "65"]
[EventDate "2025.06.18"]
[WhiteTeam "SC Hilchenbach"]
[BlackTeam "SC Bad Nauheim"]

1. g3 d5 2. Nf3 c5 3. Bg2 Nc6 4. d4 e6 5. O-O b6 6. c4 Nxd4 7. Nxd4 cxd4 8. cxd5 e5 9. e3 dxe3 10. Bxe3 Bd6 11. Nc3 Nf6 12. Bg5 h6 13. Bxf6 Qxf6 14. Ne4 Qd8 15. Rc1 Bb7 16. Qa4+ Ke7 17. Rfd1 Qd7 18. Rc6 Rhc8 19. Nxd6 b5 20. Nxc8+ Rxc8 21. Qb4+ Ke8 22. Rxc8+ Qxc8 23. Qxb5+ Kf8 24. Qb4+ Kg8 25. Qc3 Qg4 26. Re1 e4 27. Rxe4 Qd1+ 28. Re1 Qh5 29. Qd3 g6 30. Re8+ Kg7 31. Qd4+ f6 32. Re7+ Kg8 33. Rxb7 1-0

[Event "XXVII. Rhein-Main-Open, Gruppe B"]
[Site "Bad Homburg vor der Höhe"]
[Date "2025.06.20"]
[Round "4.16"]
[White "Beier, Martin"]
[Black "Bensberg, Arno"]
[Result "1-0"]
[WhiteElo "1781"]
[BlackElo "1742"]
[PlyCount "73"]
[EventDate "2025.06.18"]
[WhiteTeam "SK Bad Homburg 1927"]
[BlackTeam "SC Hilchenbach"]

1. e4 d5 2. exd5 Nf6 3. d4 Nxd5 4. c4 Nb6 5. Nf3 Bg4 6. c5 Nd5 7. Qb3 Bc8 8. Bc4 c6 9. Ne5 e6 10. Qf3 Nf6 11. Be3 Be7 12. Qg3 g6 13. O-O Nh5 14. Qf3 O-O 15. Bh6 Ng7 16. Rd1 Na6 17. Bxa6 bxa6 18. Nxc6 Bb7 19. Nxd8 Bxf3 20. gxf3 Rfxd8 21. Bxg7 Kxg7 22. Nc3 Bf6 23. Ne2 Rd5 24. Rac1 Rc8 25. f4 Rc6 26. b4 Kf8 27. a4 Ke8 28. b5 axb5 29. axb5 Rc7 30. Kg2 Kd8 31. Kg3 h5 32. Rc4 Rb7 33. Nc3 Rf5 34. c6 Rb6 35. Ra1 a6 36. c7+ Kc8 37. bxa6 1-0

[Event "XXVII. Rhein-Main-Open, Gruppe B"]
[Site "Bad Homburg vor der Höhe"]
[Date "2025.06.20"]
[Round "4.17"]
[White "Nichols, Uwe"]
[Black "Schlömer, Andreas"]
[Result "0-1"]
[WhiteElo "1793"]
[BlackElo "1759"]
[PlyCount "78"]
[EventDate "2025.06.18"]
[WhiteTeam "SV Oberursel"]
[BlackTeam "SK Upland Willingen"]

1. e4 c5 2. Nf3 d6 3. d4 cxd4 4. Nxd4 Nf6 5. Nc3 a6 6. Be2 e6 7. O-O Be7 8. Be3 O-O 9. a3 Qc7 10. f4 b5 11. Bf3 Bb7 12. e5 dxe5 13. Bxb7 Qxb7 14. fxe5 Nfd7 15. Qf3 Qxf3 16. Nxf3 Nc6 17. Bf4 h6 18. Rad1 Rfd8 19. g4 Rac8 20. Ne4 Na5 21. Rf2 Nc4 22. b3 Ncb6 23. Rfd2 Nd5 24. Bg3 Ne3 25. Re1 Nxc2 26. Rc1 Nd4 27. Rxc8 Nxf3+ 28. Kf2 Nxd2 29. Rxd8+ Bxd8 30. Nxd2 Bc7 31. Nf3 Nc5 32. b4 Ne4+ 33. Ke3 Nxg3 34. hxg3 f6 35. Ke4 Bxe5 36. Nxe5 fxe5 37. g5 Kf7 38. gxh6 gxh6 39. Kxe5 h5 0-1

[Event "XXVII. Rhein-Main-Open, Gruppe B"]
[Site "Bad Homburg vor der Höhe"]
[Date "2025.06.20"]
[Round "4.18"]
[White "Aechtner, Folke"]
[Black "Kostadinov, Emanuel"]
[Result "1-0"]
[WhiteElo "1741"]
[BlackElo "1518"]
[PlyCount "113"]
[EventDate "2025.06.18"]
[BlackTeam "SV 1920 Hofheim"]

1. e4 e5 2. Nf3 Nc6 3. Bc4 Nf6 4. d3 Bc5 5. c3 O-O 6. a4 a5 7. Bg5 h6 8. Bh4 d6 9. h3 Be6 10. Qb3 Bxc4 11. Qxc4 Qe7 12. O-O Qe6 13. Nbd2 Nd7 14. Qb3 Qxb3 15. Nxb3 f5 16. exf5 Rxf5 17. Nxc5 Nxc5 18. Rfd1 Nd7 19. Nd2 g5 20. Bg3 Ne7 21. d4 exd4 22. cxd4 Nf6 23. Rac1 Nfd5 24. Nc4 Kg7 25. Re1 Nc6 26. Ne3 Nxe3 27. fxe3 Rf7 28. Rc3 Re8 29. Rec1 Ree7 30. Re1 Nb4 31. e4 d5 32. Be5+ Kh7 33. exd5 Nxd5 34. Rc5 Nf4 35. Rxa5 Nd3 36. Re2 Rf5 37. g4 Rf3 38. Kg2 Rf4 39. Rd5 Ref7 40. Rd8 Rf2+ 41. Rxf2 Nxf2 42. Rh8+ Kg6 43. Rg8+ Kh7 44. Rg7+ Rxg7 45. Bxg7 Kxg7 46. Kxf2 Kf6 47. Ke3 Ke6 48. Ke4 c6 49. b4 Kd6 50. d5 cxd5+ 51. Kd4 b6 52. a5 bxa5 53. bxa5 Kc6 54. a6 Kb6 55. Kxd5 Kxa6 56. Ke5 Kb6 57. Kf5 1-0

[Event "XXVII. Rhein-Main-Open, Gruppe B"]
[Site "Bad Homburg vor der Höhe"]
[Date "2025.06.20"]
[Round "4.21"]
[White "Yash Sunil Dalal"]
[Black "Schneider, Wolfram"]
[Result "0-1"]
[WhiteElo "1449"]
[BlackElo "1937"]
[PlyCount "72"]
[EventDate "2025.06.18"]
[BlackTeam "SK Bad Homburg 1927"]

1. e4 c5 2. Nf3 d6 3. Bc4 Nc6 4. c3 Nf6 5. d3 e6 6. O-O Be7 7. Re1 d5 8. exd5 exd5 9. Bb3 Bg4 10. h3 Bh5 11. Nbd2 O-O 12. Nf1 b5 13. Bc2 d4 14. a3 Nd5 15. Bb3 dxc3 16. Bxd5 Qxd5 17. bxc3 Rad8 18. Rb1 a6 19. d4 cxd4 20. cxd4 Bf6 21. g4 Bg6 22. Ne3 Qe4 23. Rb3 Nxd4 24. Nxd4 Rxd4 25. Qe2 Rfd8 26. Rb4 Rxb4 27. axb4 Qxb4 28. Nf5 Bxf5 29. gxf5 h6 30. Rd1 Rxd1+ 31. Qxd1 Qc5 32. Be3 Qxf5 33. Qg4 Qxg4+ 34. hxg4 b4 35. f4 b3 36. g5 b2 0-1

[Event "XXVII. Rhein-Main-Open, Gruppe B"]
[Site "Bad Homburg vor der Höhe"]
[Date "2025.06.20"]
[Round "4.22"]
[White "Kaiser, Danny"]
[Black "Ermel, Alek"]
[Result "0-1"]
[WhiteElo "1727"]
[BlackElo "1760"]
[PlyCount "142"]
[EventDate "2025.06.18"]
[WhiteTeam "SC Bad Nauheim"]

1. d4 Nf6 2. Nf3 e6 3. c4 d5 4. g3 Be7 5. Bg2 O-O 6. cxd5 exd5 7. O-O Nbd7 8. Nc3 Nb6 9. e3 Bf5 10. b3 Qd7 11. Ne5 Qc8 12. Bb2 Bh3 13. Rc1 Bxg2 14. Kxg2 Nfd7 15. Nd3 Nf6 16. Nf4 Qd7 17. Rc2 c6 18. Qf3 Rfe8 19. Re1 Bb4 20. h4 Qf5 21. Rec1 Re7 22. Nce2 Rae8 23. a3 Bd6 24. Nh3 Qg6 25. Nhf4 Qf5 26. Nh3 Qd7 27. Nc3 Rc8 28. Ne2 Ree8 29. Nc3 Qe7 30. Nf4 Bxa3 31. Bxa3 Qxa3 32. Rb1 Qb4 33. Nd3 Qe7 34. Nc5 Qc7 35. h5 Nbd7 36. Nxd7 Qxd7 37. h6 Qg4 38. hxg7 Kxg7 39. Qxg4+ Nxg4 40. Ra1 a6 41. b4 h5 42. Kf3 Nf6 43. Rh1 Ra8 44. Ra2 b6 45. Na4 Reb8 46. Rc1 a5 47. bxa5 Rxa5 48. Nc3 Rxa2 49. Nxa2 Rc8 50. Nb4 c5 51. dxc5 bxc5 52. Kf4 Kg6 53. f3 c4 54. Ke5 Kg5 55. Nxd5 Re8+ 56. Kd4 Nxd5 57. Kxd5 Rxe3 58. Rf1 Re2 59. g4 h4 60. Kxc4 h3 61. Kd3 Rg2 62. Ke3 Kh4 63. Kf4 h2 64. Rc1 Kh3 65. Rc5 Rf2 66. Ke3 Kg2 67. Rc1 Rf1 68. Rc2+ Kg3 69. Rxh2 Kxh2 70. g5 Kh3 71. f4 Kg4 0-1